[Event "Ponferrada Open"]
[Site "Ponferrada"]
[Date "1992.??.??"]
[Round "?"]
[White "Franco Ocampos, Zenon"]
[Black "Campora, Daniel H"]
[Result "1/2-1/2"]
[WhiteElo "2520"]
[BlackElo "2550"]
[PlyCount "47"]
[EventDate "1992.08.??"]
[Source "www.chesslib.no"]
[SourceDate "2004.05.04"]

1. d4 Nf6 2. c4 e6 3. Nc3 d5 4. Bg5 Be7 5. e3 O-O 6. Nf3 Nbd7 7. Rc1 c6 8. Bd3 dxc4 9. Bxc4 Nd5 10. Bxe7 Qxe7 11. O-O Nxc3 12. Rxc3 e5 13. Nxe5 Nxe5 14. dxe5 Qxe5 15. f4 Qe4 16. Qe2 Bf5 17. Bd3 Qd5 18. e4 Qd4+ 19. Qf2 Qxf2+ 20. Kxf2 Bd7 21. Rd1 Rfd8 22. Bc4 Be8 23. Rxd8 Rxd8 24. Rd3 1/2-1/2

[Event "Trelew Clarin-GP"]
[Site "Trelew ARG"]
[Date "1995.??.??"]
[Round "4"]
[White "Spangenberg, Hugo H"]
[Black "Ricardi, Pablo"]
[Result "0-1"]
[WhiteElo "2500"]
[BlackElo "2530"]
[PlyCount "66"]
[EventDate "1995.??.??"]
[Source "www.chesslib.no"]
[SourceDate "2004.05.04"]

1. Nf3 d5 2. d4 Nf6 3. c4 e6 4. Nc3 Be7 5. Bg5 Nbd7 6. e3 O-O 7. Rc1 c6 8. Bd3 dxc4 9. Bxc4 Nd5 10. Bxe7 Qxe7 11. O-O Nxc3 12. Rxc3 e5 13. dxe5 Nxe5 14. Nxe5 Qxe5 15. f4 Qe4 16. Qe2 Bf5 17. Bd3 Qe6 18. e4 Rfe8 19. Re1 Qd6 20. Qf2 Be6 21. e5 Qb4 22. f5 Bxa2 23. Re4 Qb6 24. Re3 Rad8 25. Ra3 Bb1 26. f6 gxf6 27. Rg3+ Kf8 28. Qxb6 axb6 29. exf6 Re6 30. Rf3 Bxd3 31. Raxd3 Rxd3 32. Rxd3 Rxf6 33. Rd7 Rf5 0-1

[Event "Rubinstein mem"]
[Site "Polanica Zdroj"]
[Date "1985.??.??"]
[Round "15"]
[White "Garcia Palermo, Carlos"]
[Black "Klinger, Josef"]
[Result "1/2-1/2"]
[WhiteElo "2520"]
[BlackElo "2495"]
[PlyCount "29"]
[EventDate "1985.08.??"]
[Source "ChessBase"]

1. d4 e6 2. c4 Nf6 3. Nc3 d5 4. Bg5 Be7 5. e3 O-O 6. Nf3 Nbd7 7. Rc1 c6 8. Bd3 dxc4 9. Bxc4 Nd5 10. Bxe7 Qxe7 11. O-O Nxc3 12. Rxc3 e5 13. Nxe5 Nxe5 14. dxe5 Qxe5 15. f4 1/2-1/2

[Event "Yerevan"]
[Site "Yerevan"]
[Date "1977.??.??"]
[Round "10"]
[White "Doroshkievich, Vladimir K"]
[Black "Tseshkovsky, Vitaly"]
[Result "1/2-1/2"]
[WhiteElo "2420"]
[BlackElo "2590"]
[PlyCount "34"]
[EventDate "1977.??.??"]
[Source "ChessBase"]

1. d4 Nf6 2. Nf3 e6 3. Bg5 d5 4. e3 Be7 5. c4 c6 6. Nc3 Nbd7 7. Bd3 dxc4 8. Bxc4 Nd5 9. Bxe7 Qxe7 10. Rc1 O-O 11. O-O Nxc3 12. Rxc3 e5 13. dxe5 Nxe5 14. Nxe5 Qxe5 15. Qd4 Qxd4 16. exd4 Be6 17. Bxe6 fxe6 1/2-1/2

[Event "Capablanca mem Premier I"]
[Site "Havana"]
[Date "1999.05.19"]
[Round "11"]
[White "Matamoros Franco, Carlos S"]
[Black "Franco Ocampos, Zenon"]
[Result "1/2-1/2"]
[WhiteElo "2458"]
[BlackElo "2463"]
[PlyCount "26"]
[EventDate "1999.05.??"]
[Source "ChessBase"]
[SourceDate "1999.07.10"]

1. d4 d5 2. c4 e6 3. Nc3 Nf6 4. Bg5 Be7 5. e3 O-O 6. Nf3 c6 7. Rc1 Nbd7 8. Bd3 dxc4 9. Bxc4 Nd5 10. Bxe7 Qxe7 11. O-O Nxc3 12. Rxc3 e5 13. dxe5 Nxe5 1/2-1/2

[Event "Elekes mem+"]
[Site "Budapest HUN"]
[Date "1993.??.??"]
[Round "1"]
[White "Groszpeter, Attila"]
[Black "Almasi, Istvan"]
[Result "1-0"]
[WhiteElo "2525"]
[BlackElo "2385"]
[PlyCount "101"]
[EventDate "1993.??.??"]
[Source "www.chesslib.no"]
[SourceDate "2004.05.04"]

1. d4 e6 2. c4 Nf6 3. Nc3 d5 4. Bg5 Be7 5. Nf3 O-O 6. e3 Nbd7 7. Rc1 c6 8. Bd3 dxc4 9. Bxc4 Nd5 10. Bxe7 Qxe7 11. O-O Nxc3 12. Rxc3 e5 13. Nxe5 Nxe5 14. dxe5 Qxe5 15. f4 Qe4 16. Qe2 Bf5 17. Bd3 Qd5 18. e4 Qd4+ 19. Qf2 Qxf2+ 20. Kxf2 Bd7 21. Be2 Rad8 22. Ke3 f6 23. g4 Be6 24. a3 Rd7 25. Rd1 Rxd1 26. Bxd1 Rd8 27. Be2 Kf8 28. Rc5 Ke7 29. g5 Bf7 30. gxf6+ gxf6 31. Rc1 Rg8 32. Kf2 Rd8 33. Ke3 Rg8 34. Bf3 Rg6 35. Rh1 c5 36. Rc1 b6 37. b4 Kd6 38. bxc5+ bxc5 39. e5+ fxe5 40. fxe5+ Kxe5 41. Rxc5+ Kd6 42. Ra5 Bc4 43. Rxa7 Rh6 44. Ra4 Kc5 45. Ra5+ Kb6 46. Rh5 Rxh5 47. Bxh5 Kc5 48. Kf4 Kd4 49. Kg5 Ke3 50. h4 Kd4 51. Bg4 1-0

[Event "Val Thorens A"]
[Site "?"]
[Date "1996.??.??"]
[Round "7"]
[White "Kasimdzhanov Rustam"]
[Black "Barsov Alexei"]
[Result "1/2-1/2"]
[WhiteElo "2435"]
[BlackElo "2475"]
[PlyCount "30"]
[EventDate "1996.??.??"]
[Source "www.chesslib.no"]
[SourceDate "2004.05.04"]

1. d4 d5 2. c4 e6 3. Nc3 Nf6 4. Bg5 Nbd7 5. Nf3 Be7 6. e3 O-O 7. Rc1 c6 8. Bd3 dxc4 9. Bxc4 Nd5 10. Bxe7 Qxe7 11. O-O Nxc3 12. Rxc3 e5 13. Nxe5 Nxe5 14. dxe5 Qxe5 15. Qe2 Be6 1/2-1/2

[Event "Smederevska Palanka"]
[Site "Smederevska Palanka"]
[Date "1981.??.??"]
[Round "10"]
[White "Despotovic, Momcilo"]
[Black "Rajkovic, Dusan"]
[Result "1/2-1/2"]
[WhiteElo "2440"]
[BlackElo "2465"]
[PlyCount "31"]
[EventDate "1981.06.??"]
[Source "ChessBase"]

1. d4 e6 2. c4 d5 3. Nc3 Nf6 4. Bg5 Be7 5. e3 O-O 6. Nf3 Nbd7 7. Rc1 c6 8. Bd3 dxc4 9. Bxc4 Nd5 10. Bxe7 Qxe7 11. O-O Nxc3 12. Rxc3 e5 13. dxe5 Nxe5 14. Nxe5 Qxe5 15. f4 Qf6 16. Qc2 1/2-1/2

[Event "Bohemians"]
[Site "Prague"]
[Date "1989.??.??"]
[Round "?"]
[White "Vokac, Marek"]
[Black "Plachetka, Jan"]
[Result "1/2-1/2"]
[WhiteElo "2445"]
[BlackElo "2450"]
[PlyCount "30"]
[EventDate "1989.01.??"]
[Source "ChessBase"]

1. d4 d5 2. c4 e6 3. Nc3 Nf6 4. Bg5 Be7 5. e3 O-O 6. Nf3 Nbd7 7. Rc1 c6 8. Bd3 dxc4 9. Bxc4 Nd5 10. Bxe7 Qxe7 11. O-O Nxc3 12. Rxc3 e5 13. dxe5 Nxe5 14. Nxe5 Qxe5 15. f4 Qe4 1/2-1/2

[Event "HUN-ch"]
[Site "Budapest"]
[Date "1971.??.??"]
[Round "1"]
[White "Kluger, Gyula"]
[Black "Forintos, Gyozo V"]
[Result "1/2-1/2"]
[WhiteElo "2400"]
[BlackElo "2485"]
[PlyCount "34"]
[EventDate "1971.??.??"]
[Source "ChessBase"]

1. d4 Nf6 2. c4 e6 3. Nc3 d5 4. Bg5 Be7 5. e3 O-O 6. Rc1 c6 7. Nf3 Nbd7 8. Bd3 dxc4 9. Bxc4 Nd5 10. Bxe7 Qxe7 11. O-O Nxc3 12. Rxc3 e5 13. Nxe5 Nxe5 14. dxe5 Qxe5 15. f4 Qe4 16. Qd3 Bf5 17. Qxe4 Bxe4 1/2-1/2

[Event "Vrnjacka Banja"]
[Site "Vrnjacka Banja"]
[Date "1982.??.??"]
[Round "14"]
[White "Skembris, Spyridon"]
[Black "Rajkovic, Dusan"]
[Result "1/2-1/2"]
[WhiteElo "2400"]
[BlackElo "2460"]
[PlyCount "30"]
[EventDate "1982.04.??"]
[Source "ChessBase"]

1. d4 d5 2. c4 e6 3. Nc3 Nf6 4. Bg5 Be7 5. e3 O-O 6. Nf3 Nbd7 7. Rc1 c6 8. Bd3 dxc4 9. Bxc4 Nd5 10. Bxe7 Qxe7 11. O-O Nxc3 12. Rxc3 e5 13. dxe5 Nxe5 14. Nxe5 Qxe5 15. f4 Qf6 1/2-1/2

[Event "Poznan"]
[Site "Poznan POL"]
[Date "1986.??.??"]
[Round "11"]
[White "Machulsky, Anatoly D"]
[Black "Neverov, Valeriy"]
[Result "1/2-1/2"]
[WhiteElo "2395"]
[BlackElo "2465"]
[PlyCount "32"]
[EventDate "1986.09.??"]
[Source "www.chesslib.no"]
[SourceDate "2004.05.04"]

1. d4 d5 2. c4 e6 3. Nc3 c6 4. Nf3 Nf6 5. Bg5 Be7 6. e3 Nbd7 7. Rc1 O-O 8. Bd3 dxc4 9. Bxc4 Nd5 10. Bxe7 Qxe7 11. O-O Nxc3 12. Rxc3 e5 13. Nxe5 Nxe5 14. dxe5 Qxe5 15. Qe2 Be6 16. Bxe6 Qxe6 1/2-1/2

[Event "Young Masters 6th"]
[Site "Loures"]
[Date "1998.12.05"]
[Round "4"]
[White "Matamoros Franco, Carlos S"]
[Black "Vasallo, Mauricio"]
[Result "1/2-1/2"]
[WhiteElo "2450"]
[BlackElo "2400"]
[PlyCount "33"]
[EventDate "1998.12.07"]
[Source "ChessBase"]
[SourceDate "1999.01.01"]

1. d4 Nf6 2. Nf3 e6 3. Bg5 d5 4. e3 Be7 5. c4 O-O 6. Nc3 Nbd7 7. Rc1 c6 8. Bd3 dxc4 9. Bxc4 Nd5 10. Bxe7 Qxe7 11. O-O Nxc3 12. Rxc3 e5 13. dxe5 Nxe5 14. Nxe5 Qxe5 15. Qd2 Be6 16. Rd1 g6 17. Bxe6 1/2-1/2

[Event "Germany"]
[Site "?"]
[Date "2002.03.17"]
[Round "?"]
[White "Wiedenkeller Michael"]
[Black "Hammes Michael"]
[Result "1-0"]
[WhiteElo "2453"]
[BlackElo "2377"]
[PlyCount "105"]
[EventDate "2002.??.??"]
[Source "www.chesslib.no"]
[SourceDate "2004.05.04"]

1. d4 e6 2. c4 Nf6 3. Nf3 d5 4. Nc3 Be7 5. Bg5 Nbd7 6. e3 O-O 7. Rc1 c6 8. Bd3 dxc4 9. Bxc4 Nd5 10. Bxe7 Qxe7 11. O-O Nxc3 12. Rxc3 e5 13. dxe5 Nxe5 14. Nxe5 Qxe5 15. f4 Qf6 16. f5 b5 17. Bb3 b4 18. Rc5 Ba6 19. Rf4 Rab8 20. Qd4 Qxd4 21. Rxd4 Rb6 22. Rd7 Rb7 23. Rxb7 Bxb7 24. Re5 Bc8 25. e4 g6 26. f6 Be6 27. Bxe6 fxe6 28. Rxe6 Kf7 29. Rxc6 Re8 30. Rc4 a5 31. Kf2 Kxf6 32. Ke3 Ra8 33. h4 Ke5 34. Rc5+ Kd6 35. Kd4 a4 36. Rb5 a3 37. Rb6+ Ke7 38. Rxb4 axb2 39. Rxb2 Ke6 40. Rb6+ Ke7 41. Rb7+ Ke6 42. Rxh7 Rxa2 43. g4 Rg2 44. Rh6 Rxg4 45. h5 Kf7 46. Rxg6 Rh4 47. Rg5 Kf6 48. Rf5+ Ke6 49. Ra5 Rh1 50. Ra6+ Kf7 51. h6 Rh5 52. Rb6 Kg8 53. Rf6 1-0

[Event "Wch U20"]
[Site "Yerevan"]
[Date "1999.09.18"]
[Round "1"]
[White "Benkovic, Petar"]
[Black "Dervishi, Erald"]
[Result "1/2-1/2"]
[WhiteElo "2328"]
[BlackElo "2496"]
[PlyCount "91"]
[EventDate "1999.09.18"]
[Source "ChessBase"]
[SourceDate "1999.11.18"]

1. d4 Nf6 2. c4 e6 3. Nf3 d5 4. Nc3 Be7 5. Bg5 O-O 6. e3 Nbd7 7. Rc1 c6 8. Bd3 dxc4 9. Bxc4 Nd5 10. Bxe7 Qxe7 11. O-O Nxc3 12. Rxc3 e5 13. dxe5 Nxe5 14. Nxe5 Qxe5 15. f4 Qe7 16. f5 Qe5 17. Qf3 Rb8 18. Bb3 c5 19. Qd5 Qxd5 20. Bxd5 b6 21. b4 cxb4 22. Rc7 a5 23. Ra7 Rd8 24. Bxf7+ Kf8 25. Be6 Rb7 26. Ra8 Rc7 27. Rb8 Rc6 28. e4 Ke7 29. Bd5 Rcd6 30. Ra8 Bd7 31. Rxd8 Kxd8 32. g4 Bc6 33. Bxc6 Rxc6 34. Rf2 a4 35. Rd2+ Kc7 36. Rd4 Rc2 37. Rxb4 Rxa2 38. e5 a3 39. f6 gxf6 40. exf6 Kd7 41. Ra4 h6 42. Ra7+ Ke8 43. h4 Rc2 44. Rxa3 Rc4 45. Rb3 Rxg4+ 46. Kh2 1/2-1/2

[Event "Yaroslavl"]
[Site "Yaroslavl"]
[Date "1990.??.??"]
[Round "?"]
[White "Anikaev, Yuri N"]
[Black "Shabanov, Yuri"]
[Result "1/2-1/2"]
[WhiteElo "2445"]
[BlackElo "2375"]
[PlyCount "31"]
[EventDate "1990.??.??"]
[Source "www.chesslib.no"]
[SourceDate "2004.05.04"]

1. d4 d5 2. c4 e6 3. Nc3 Nf6 4. Bg5 c6 5. e3 Nbd7 6. Nf3 Be7 7. Bd3 O-O 8. O-O dxc4 9. Bxc4 Nd5 10. Bxe7 Qxe7 11. Rc1 Nxc3 12. Rxc3 e5 13. dxe5 Nxe5 14. Nxe5 Qxe5 15. Qe2 Bf5 16. Rd1 1/2-1/2

[Event "NOR-chT fin"]
[Site "Langesund"]
[Date "2001.05.25"]
[Round "3"]
[White "Fyllingen, Roy Harald"]
[Black "Johannessen, Leif Erlend"]
[Result "1-0"]
[WhiteElo "2389"]
[BlackElo "2407"]
[PlyCount "175"]
[EventDate "2001.05.23"]
[Source "ChessBase"]
[SourceDate "2001.07.03"]

1. d4 d5 2. Nf3 e6 3. c4 c6 4. Bg5 Nf6 5. e3 Nbd7 6. Nc3 Be7 7. Rc1 O-O 8. Bd3 dxc4 9. Bxc4 Nd5 10. Bxe7 Qxe7 11. O-O Nxc3 12. Rxc3 e5 13. Nxe5 Nxe5 14. dxe5 Qxe5 15. f4 Qe4 16. Qe1 Bf5 17. Bd3 Qe6 18. e4 Rfe8 19. Qf2 Bxe4 20. Re1 Rad8 21. f5 Qd5 22. Qe3 Qxa2 23. Rc4 Qxb2 24. Rxe4 Rxe4 25. Qxe4 g6 26. Bf1 Qc3 27. Qh4 Qd2 28. f6 h5 29. Re7 b5 30. Qe4 Qd4+ 31. Qxd4 Rxd4 32. Rxa7 Rd6 33. Ra6 b4 34. Rb6 Rxf6 35. Rxb4 c5 36. Rc4 Rf5 37. Bd3 Re5 38. Kf2 Kg7 39. Kf3 g5 40. Rc2 Kf6 41. Ra2 Rd5 42. Bc4 Rd4 43. Ra6+ Kg7 44. Ba2 f5 45. Bb1 h4 46. Ke3 Rd5 47. h3 Re5+ 48. Kf3 Kf7 49. Rc6 Kg7 50. Ba2 Kh7 51. Be6 Kg7 52. Bb3 Kh7 53. Rc8 Kg7 54. Rg8+ Kf6 55. Bc2 c4 56. Rc8 Ra5 57. Rxc4 Ke5 58. Rc3 Kf6 59. Re3 Rc5 60. Bb3 Rc6 61. Bd5 Rd6 62. Rd3 Ra6 63. Bb7 Rb6 64. Bc8 Rc6 65. Bd7 Rc5 66. Ra3 Rd5 67. Ra6+ Kg7 68. Be6 Re5 69. Rb6 Rc5 70. Ke3 Ra5 71. Bb3 Re5+ 72. Kf3 Rc5 73. Bd1 Rd5 74. Bc2 Ra5 75. Ke3 Kf7 76. Bd3 g4 77. Rh6 gxh3 78. gxh3 Ra4 79. Bxf5 Kg7 80. Rh7+ Kf6 81. Bg4 Kg6 82. Rxh4 Kg7 83. Rh5 Ra3+ 84. Kf4 Ra4+ 85. Kg5 Ra5+ 86. Bf5 Ra1 87. Rh7+ Kg8 88. Rb7 1-0

[Event "Donne Haas mem, Bonnevoie LUX"]
[Site "?"]
[Date "1999.??.??"]
[Round "8"]
[White "Wiedenkeller, M."]
[Black "Sonntag, HH."]
[Result "1/2-1/2"]
[WhiteElo "2425"]
[BlackElo "2360"]
[PlyCount "119"]
[EventDate "1999.??.??"]
[Source "www.chesslib.no"]
[SourceDate "2004.05.04"]

1. d4 Nf6 2. c4 e6 3. Nf3 d5 4. Nc3 Be7 5. Bg5 O-O 6. e3 Nbd7 7. Rc1 c6 8. Bd3 dxc4 9. Bxc4 Nd5 10. Bxe7 Qxe7 11. O-O Nxc3 12. Rxc3 e5 13. dxe5 Nxe5 14. Nxe5 Qxe5 15. f4 Qe4 16. Qe2 Bf5 17. Bd3 Qd5 18. e4 Qd4+ 19. Qf2 Qxf2+ 20. Kxf2 Bd7 21. Rd1 Rfd8 22. Bc4 Be8 23. Rcd3 Rxd3 24. Rxd3 Kf8 25. g4 f6 26. h4 h6 27. f5 Ke7 28. Ke3 a5 29. e5 fxe5 30. Ke4 a4 31. Kxe5 Ra5+ 32. Ke4 Bd7 33. Rf3 Kf6 34. Kf4 Rc5 35. g5+ hxg5+ 36. hxg5+ Ke7 37. Re3+ Kf8 38. Bd3 Rc1 39. Rh3 g6 40. Rh8+ Kg7 41. Rb8 Bxf5 42. Rxb7+ Kf8 43. Be2 c5 44. Bf3 c4 45. a3 c3 46. bxc3 Rxc3 47. Bd5 Rxa3 48. Ke5 Ra1 49. Kf6 Ke8 50. Ke5 Rb1 51. Ra7 Bd7 52. Be4 Rb6 53. Bc2 Re6+ 54. Kd5 Rb6 55. Bxa4 Bxa4 56. Rxa4 Kf7 57. Ra7+ Kg8 58. Rc7 Rb1 59. Ke6 Rf1 60. Rc8+ 1/2-1/2

[Event "Capablanca mem-B"]
[Site "Cienfuegos"]
[Date "1985.??.??"]
[Round "3"]
[White "Garcia Gonzales, Guillermo"]
[Black "Hernandez, Jose de Jesus"]
[Result "1/2-1/2"]
[WhiteElo "2440"]
[BlackElo "2335"]
[PlyCount "48"]
[EventDate "1985.??.??"]
[Source "ChessBase"]

1. d4 d5 2. c4 e6 3. Nc3 Nf6 4. Bg5 Be7 5. e3 O-O 6. Nf3 Nbd7 7. Rc1 c6 8. Bd3 dxc4 9. Bxc4 Nd5 10. Bxe7 Qxe7 11. O-O Nxc3 12. Rxc3 e5 13. Nxe5 Nxe5 14. dxe5 Qxe5 15. f4 Qe4 16. Qe2 Rd8 17. Bb3 Be6 18. Bc2 Qb4 19. a3 Qb6 20. f5 Qxb2 21. fxe6 Qxc3 22. Bxh7+ Kxh7 23. Qh5+ Kg8 24. Qxf7+ Kh7 1/2-1/2

[Event "Kemerovo2"]
[Site "Kemerovo"]
[Date "1995.??.??"]
[Round "10"]
[White "Mikhailov, Vladimir"]
[Black "Nevostrujev, Vladimir"]
[Result "1/2-1/2"]
[WhiteElo "2355"]
[BlackElo "2410"]
[PlyCount "29"]
[EventDate "1995.08.??"]
[Source "ChessBase"]

1. d4 d5 2. c4 e6 3. Nc3 Nf6 4. Bg5 Be7 5. e3 O-O 6. Nf3 Nbd7 7. Rc1 c6 8. Bd3 dxc4 9. Bxc4 Nd5 10. Bxe7 Qxe7 11. O-O Nxc3 12. Rxc3 e5 13. dxe5 Nxe5 14. Nxe5 Qxe5 15. Qe2 1/2-1/2

[Event "URS-ch U26"]
[Site "Vilnius"]
[Date "1978.??.??"]
[Round "15"]
[White "Agzamov, Georgy"]
[Black "Machulsky, Anatoly D"]
[Result "1/2-1/2"]
[WhiteElo "2390"]
[BlackElo "2350"]
[PlyCount "40"]
[EventDate "1978.??.??"]
[Source "ChessBase"]

1. d4 d5 2. c4 e6 3. Nc3 Nf6 4. Bg5 Nbd7 5. e3 Be7 6. Nf3 O-O 7. Rc1 c6 8. Bd3 dxc4 9. Bxc4 Nd5 10. Bxe7 Qxe7 11. O-O Nxc3 12. Rxc3 e5 13. Nxe5 Nxe5 14. dxe5 Qxe5 15. Qb3 Qc7 16. Rd1 Bf5 17. Bd3 Be6 18. Bc4 Bf5 19. Bd3 Be6 20. Bc4 Bf5 1/2-1/2

[Event "It CGT 2003"]
[Site "Buenos Aires"]
[Date "2003.12.14"]
[Round "4"]
[White "Rodriguez, Jorge"]
[Black "Valiente, Cristobal"]
[Result "1/2-1/2"]
[WhiteElo "2411"]
[BlackElo "2324"]
[PlyCount "57"]
[EventDate "2003.12.11"]
[Source "Roberto Alvarez"]
[SourceDate "2003.12.22"]

1. d4 Nf6 2. c4 e6 3. Nf3 d5 4. Nc3 Nbd7 5. Bg5 Be7 6. e3 O-O 7. Rc1 c6 8. Bd3 dxc4 9. Bxc4 Nd5 10. Bxe7 Qxe7 11. O-O Nxc3 12. Rxc3 e5 13. dxe5 Nxe5 14. Nxe5 Qxe5 15. f4 Qf5 16. Bd3 Qe6 17. Qb1 h6 18. e4 Bd7 19. Bc4 Qe7 20. f5 Qf6 21. Rd3 Rad8 22. Rfd1 Qe7 23. Qc1 Bc8 24. Bxf7+ Kxf7 25. Qc4+ Kf6 26. Qc3+ Kf7 27. Qc4+ Kf6 28. Qc3+ Kf7 29. Qc4+ 1/2-1/2

[Event "Prague"]
[Site "Prague"]
[Date "1983.??.??"]
[Round "4"]
[White "Modr, Bretislav"]
[Black "Prandstetter, Eduard"]
[Result "1/2-1/2"]
[WhiteElo "2305"]
[BlackElo "2430"]
[PlyCount "39"]
[EventDate "1983.01.??"]
[Source "ChessBase"]

1. d4 d5 2. c4 e6 3. Nf3 Nf6 4. Nc3 Be7 5. Bg5 O-O 6. e3 Nbd7 7. Rc1 c6 8. Bd3 dxc4 9. Bxc4 Nd5 10. Bxe7 Qxe7 11. O-O Nxc3 12. Rxc3 e5 13. dxe5 Nxe5 14. Nxe5 Qxe5 15. Qb3 Qe7 16. e4 b6 17. Re1 Re8 18. Rf3 Be6 19. Bxe6 Qxe6 20. Qxe6 1/2-1/2

[Event "BLR Ch 43th"]
[Site "Minsk BLR"]
[Date "1978.??.??"]
[Round "7"]
[White "Smirnov, Valerij"]
[Black "Shereshevski, Mikhail"]
[Result "1/2-1/2"]
[WhiteElo "2275"]
[BlackElo "2460"]
[PlyCount "35"]
[EventDate "1978.??.??"]
[Source "www.chesslib.no"]
[SourceDate "2004.05.04"]

1. d4 d5 2. c4 e6 3. Nc3 Be7 4. Nf3 Nf6 5. Bg5 O-O 6. e3 Nbd7 7. Rc1 c6 8. Bd3 dxc4 9. Bxc4 Nd5 10. Bxe7 Qxe7 11. O-O Nxc3 12. Rxc3 e5 13. dxe5 Nxe5 14. Nxe5 Qxe5 15. Qc2 Be6 16. Bxe6 Qxe6 17. a3 Rfd8 18. Rd3 1/2-1/2

[Event "Borsodtavho-B"]
[Site "?"]
[Date "1991.??.??"]
[Round "12"]
[White "Neurohr Stephan"]
[Black "Somlai Laszlo"]
[Result "1/2-1/2"]
[WhiteElo "2350"]
[BlackElo "2380"]
[PlyCount "92"]
[EventDate "1991.??.??"]
[Source "www.chesslib.no"]
[SourceDate "2004.05.04"]

1. d4 d5 2. c4 c6 3. Nf3 Nf6 4. Nc3 e6 5. Bg5 Nbd7 6. e3 Be7 7. Bd3 O-O 8. Rc1 dxc4 9. Bxc4 Nd5 10. Bxe7 Qxe7 11. O-O Nxc3 12. Rxc3 e5 13. dxe5 Nxe5 14. Nxe5 Qxe5 15. f4 Qe4 16. Qe2 Bf5 17. Bd3 Qd5 18. e4 Qd4+ 19. Qf2 Qxf2+ 20. Kxf2 Bd7 21. Rd1 Rfd8 22. Bc4 Bg4 23. Rdd3 Kf8 24. h3 Bd7 25. Ke3 f6 26. Rd2 Ke7 27. Rcd3 b5 28. Bg8 h6 29. b4 a5 30. a3 axb4 31. axb4 Ra7 32. Bb3 Rc7 33. e5 fxe5 34. fxe5 Rf8 35. Kd4 Bf5 36. Rg3 Rd7+ 37. Kc3 g5 38. Rf2 Be4 39. Rxf8 Kxf8 40. e6 Rd6 41. h4 Bd5 42. hxg5 hxg5 43. Rxg5 Bxb3 44. Kxb3 Rxe6 45. Rg3 Ke7 46. Rd3 Re4 1/2-1/2

[Event "AUT-ch"]
[Site "Moesern"]
[Date "1997.08.02"]
[Round "1"]
[White "Kummer, Helmut"]
[Black "Casagrande, Harald"]
[Result "0-1"]
[WhiteElo "2380"]
[BlackElo "2345"]
[PlyCount "60"]
[EventDate "1997.08.??"]
[Source "ChessBase"]
[SourceDate "1997.09.26"]

1. d4 Nf6 2. c4 e6 3. Nf3 d5 4. Nc3 Be7 5. Bg5 O-O 6. e3 Nbd7 7. Rc1 c6 8. Bd3 dxc4 9. Bxc4 Nd5 10. Bxe7 Qxe7 11. O-O Nxc3 12. Rxc3 e5 13. Nxe5 Nxe5 14. dxe5 Qxe5 15. f4 Qe4 16. Qe2 Re8 17. Bb3 Qe7 18. f5 Qf6 19. Qh5 Re5 20. g4 Bd7 21. Rd3 Be8 22. h4 c5 23. Bc2 c4 24. Rc3 Qb6 25. Qg5 Qxb2 26. Rxc4 Bb5 27. Rb1 Qxa2 28. Rc7 Bc6 29. Rc1 Qb2 30. e4 Qb6+ 0-1

[Event "Bad Ragaz Open"]
[Site "Bad Ragaz SUI"]
[Date "1991.??.??"]
[Round "9"]
[White "Zueger, Beat"]
[Black "Streitberg, Petr"]
[Result "1/2-1/2"]
[WhiteElo "2425"]
[BlackElo "2290"]
[PlyCount "69"]
[EventDate "1991.??.??"]
[Source "www.chesslib.no"]
[SourceDate "2004.05.04"]

1. d4 d5 2. c4 e6 3. Nf3 Nf6 4. Bg5 Be7 5. Nc3 O-O 6. e3 Nbd7 7. Rc1 c6 8. Bd3 dxc4 9. Bxc4 Nd5 10. Bxe7 Qxe7 11. O-O Nxc3 12. Rxc3 e5 13. dxe5 Nxe5 14. Nxe5 Qxe5 15. f4 Qe4 16. Qe2 Bf5 17. Bd3 Qd5 18. e4 Qd4+ 19. Qf2 Qxf2+ 20. Kxf2 Bd7 21. Ke3 Rfd8 22. f5 f6 23. g4 h6 24. h4 Kf7 25. Rc2 Ke7 26. Rg2 Rh8 27. Rf3 Be8 28. g5 hxg5 29. hxg5 Bf7 30. b3 Rh1 31. g6 Bg8 32. Rf1 Rh3+ 33. Rf3 Rh1 34. Rf1 Rh3+ 35. Rf3 1/2-1/2

[Event "CZE Team Ch 9697"]
[Site "Czech Republic"]
[Date "1997.??.??"]
[Round "7"]
[White "Cvek, Robert"]
[Black "Michenka, Jozef"]
[Result "1-0"]
[WhiteElo "2340"]
[BlackElo "2355"]
[PlyCount "81"]
[EventDate "1996.??.??"]
[Source "www.chesslib.no"]
[SourceDate "2004.05.04"]

1. d4 Nf6 2. Nf3 e6 3. c4 d5 4. Nc3 Be7 5. Bg5 O-O 6. e3 Nbd7 7. Rc1 c6 8. Bd3 dxc4 9. Bxc4 Nd5 10. Bxe7 Qxe7 11. O-O Nxc3 12. Rxc3 e5 13. dxe5 Nxe5 14. Nxe5 Qxe5 15. f4 Qe7 16. f5 Qf6 17. Rd3 b5 18. Bb3 c5 19. Rd6 Qe5 20. Qd5 Qxd5 21. Bxd5 Rb8 22. Rc6 c4 23. Rc7 a5 24. e4 Ba6 25. g4 Rb6 26. e5 b4 27. e6 fxe6 28. fxe6 Rxf1+ 29. Kxf1 Kf8 30. Kf2 Bb5 31. Ke3 b3 32. a3 c3 33. Rxc3 Ke7 34. Kd4 a4 35. Ke5 Kd8 36. Be4 h6 37. Rc5 Be2 38. Rd5+ Ke7 39. Rd7+ Kf8 40. Bg6 Rb5+ 41. Kd4 1-0

[Event "SWE Ch"]
[Site "Malmo SWE"]
[Date "1986.??.??"]
[Round "?"]
[White "Hartman, Christer"]
[Black "Brynell, Stellan"]
[Result "1/2-1/2"]
[WhiteElo "2335"]
[BlackElo "2345"]
[PlyCount "65"]
[EventDate "1986.07.??"]
[Source "www.chesslib.no"]
[SourceDate "2004.05.04"]

1. d4 d5 2. c4 e6 3. Nc3 Nf6 4. Bg5 Be7 5. e3 O-O 6. Nf3 Nbd7 7. Rc1 c6 8. Bd3 dxc4 9. Bxc4 Nd5 10. Bxe7 Qxe7 11. O-O Nxc3 12. Rxc3 e5 13. dxe5 Nxe5 14. Nxe5 Qxe5 15. f4 Qf6 16. f5 b5 17. Bd3 Rd8 18. Qc2 Bb7 19. Be4 Rd6 20. Rd1 Rxd1+ 21. Qxd1 Qe5 22. Qd4 Qxd4 23. exd4 Rd8 24. Bxc6 Bxc6 25. Rxc6 Kf8 26. Rc5 a6 27. d5 Ke7 28. Kf2 Kd6 29. Rc6+ Kxd5 30. Rxa6 Ke5 31. Ra7 Rd2+ 32. Kf3 Kxf5 33. Rxf7+ 1/2-1/2

[Event "Nassau CC-ch"]
[Site "?"]
[Date "1999.11.22"]
[Round "6"]
[White "Dolgitser Konstantin"]
[Black "Goregliad Sergei"]
[Result "0-1"]
[WhiteElo "2314"]
[BlackElo "2362"]
[PlyCount "120"]
[EventDate "1999.??.??"]
[Source "www.chesslib.no"]
[SourceDate "2004.05.04"]

1. Nf3 Nf6 2. c4 e6 3. Nc3 d5 4. d4 c6 5. Bg5 Nbd7 6. e3 Be7 7. Rc1 O-O 8. Bd3 dxc4 9. Bxc4 Nd5 10. Bxe7 Qxe7 11. O-O Nxc3 12. Rxc3 e5 13. Nxe5 Nxe5 14. dxe5 Qxe5 15. f4 Qe4 16. Qe2 Re8 17. Bd3 Qe7 18. e4 Bd7 19. Qh5 Rad8 20. f5 Qf6 21. Bc2 c5 22. Rd1 Bc6 23. Rxc5 Qxb2 24. f6 Rxd1+ 25. Qxd1 Qxf6 26. Rf5 Qd8 27. Qf1 Bxe4 28. Bxe4 Qd4+ 29. Kh1 Qxe4 30. Rxf7 Qd5 31. Rf2 h6 32. h3 a6 33. Qb1 b5 34. Rf5 Qc4 35. Rf1 Re2 36. Qf5 Qe4 37. Qxe4 Rxe4 38. Rf2 b4 39. Rc2 Re3 40. Rc8+ Kh7 41. Rc2 a5 42. Kh2 Re5 43. Kg3 a4 44. Kf4 b3 45. axb3 axb3 46. Rb2 Rb5 47. Ke4 Kg6 48. Kf4 Kf6 49. Ke4 Kg5 50. Ke3 h5 51. Ke4 Kf6 52. Kf4 Rb4+ 53. Kf3 Kf5 54. Ke3 Ke5 55. g3 h4 56. gxh4 Rxh4 57. Rh2 Rb4 58. Rb2 g5 59. Kd3 Kf4 60. Rg2 Kf3 0-1

[Event "Batalha dos Mestres-2"]
[Site "Lisboa CG"]
[Date "2001.04.06"]
[Round "8"]
[White "Frois, Antonio"]
[Black "Pinheiro, Jose"]
[Result "1/2-1/2"]
[WhiteElo "2349"]
[BlackElo "2309"]
[PlyCount "48"]
[EventDate "2001.03.27"]
[Source "www.chesslib.no"]
[SourceDate "2004.05.04"]

1. d4 d5 2. c4 e6 3. Nc3 Nf6 4. Bg5 Be7 5. e3 c6 6. Nf3 Nbd7 7. Bd3 O-O 8. Rc1 dxc4 9. Bxc4 Nd5 10. Bxe7 Qxe7 11. O-O Nxc3 12. Rxc3 e5 13. dxe5 Nxe5 14. Nxe5 Qxe5 15. f4 Qf6 16. Bd3 Bf5 17. Qc2 Bxd3 18. Rxd3 Rfd8 19. Rfd1 Rxd3 20. Rxd3 Rd8 21. Rxd8+ Qxd8 22. Kf2 g6 23. Ke2 Qd5 24. b3 Kg7 1/2-1/2